00681nam a2200241 a 4500001001300000003000900013005001700022008004100039020001000080082001400090100002500104245002800129260003300157300001000190500003500200505001200235650002300247700002500270902000800295942000700303952011400310999001500424nice12345678IN_TiNIC20260116011809.0050524s1337 teha grp 000 0 per  ac10000a297bKHA2 aKhairi, Syed Mahmood aDanishmandan-Nami Islam aTehranbMatba-E-Khawerc1337 a275p. aincludes index and biblioraphy2 aIndexes aIslam-Meccan Trade1 aKhairi, Syed Mahmood bSRS cBK 001040708StackRoom-aHMIbHMId2008-03-27g100.00l0o297 KHA2p08250r2008-03-27v100.00w2005-05-24yBK c4038d4038